000 00618nam a2200193Ia 4500
005 20250508165112.0
008 008 250505s9999 xx 000 0 eng d
037 _aDissertations
040 _aFEDL
_beng
_cFEDL
041 _aeng
_2eng
084 _a371.96, SHA/DI
_qFEDL
100 _aSharma Renu
245 0 _aStudy of how socio-economic background of the studnets and teachers impact the shaping of classroom teaching-learning process
260 _c2011
300 _a72p.
546 _aM. Ed. Dissertation, (Delhi University)
942 _cDIS
_h371.96, SHA/DI
999 _c1393180
_d1393180